Gua̕ para una aproximacion a la administracion concursal

Bibliographic Details
Main Author: Velz̀quez Martn̕, Mara̕ aÌ‚Angeles
Format: Unknown
Language:Spanish
Published: [Madrid] : Dykinson, 2003
Subjects:
Online Access:Acceso restringido

MARC

LEADER 00000ny a22000003n 4500
005 20110525130410.0
008 080613s2003 sp s 000 0 spa c
020 |a 8497722116 
035 |a 600 
040 |a UMA.RE  |d vLex 
080 |a 347.736(460)(0.034) 
080 |a 347.739(460)(0.034) 
090 |c 278  |d 278 
100 1 |a Velz̀quez Martn̕, Mara̕ aÌ‚Angeles 
245 1 0 |a Gua̕ para una aproximacion a la administracion concursal  |h [Recurso electrn̤ico]  |c Mara̕ aÌ‚Angeles Velz̀quez Martn̕ 
256 |a Servicio en ln̕ea 
260 |a [Madrid] :  |b Dykinson,  |c 2003 
506 1 |a Contenido solo disponible en los productos indicados  |d vLex Global  |d vLex Global (Academic Edition, excluding Law Schools)  |d vLex Global (U.S. Academic Edition, Law Schools)  |d vLex Global (U.S. Academic Edition, excluding Law Schools)  |d vLex Global (Academic Edition, Law Schools) 
650 0 4 |2 Tesauro vLex  |a Administracin̤ concursal 
650 0 4 |2 Tesauro vLex  |a Concursos 
650 0 4 |2 Tesauro vLex  |a Concursos de acreedores 
650 0 4 |2 Tesauro vLex  |a Administracin̤ del concurso 
740 0 |a vLex Libros (Servicios en ln̕ea) 
856 4 0 |z Acceso restringido  |u http://vlex.com/source/administracion-concursal-600 
942 |c BOOK 
999 0 |a Contests  |b Madrid